000
00322nam a22001457a 4500
008
210518b ||||| |||| 00| 0 eng d
020
_a
9780131839021
041
_a
eng
080
_a
34
082
_a
34
100
_a
16
101
_a
JUR
245
_a
Criminology A Global Perspective
_c
Winslow,R.W
942
_2
udc
_c
BK
999
_c
57393
_d
57393